Guatemala: la demanda de información socio-educativa y recursos existentes en el país

Gespeichert in:
Bibliographische Detailangaben
Körperschaft: Guatemala. Ministerio de Educación. Unidad Sectorial de Investigación y Planificación Educativa
Format: Text
Veröffentlicht: Guatemala :
Schlagworte:
Tags: Tag hinzufügen
Keine Tags, Fügen Sie den ersten Tag hinzu!

MARC

LEADER 00000 a a2200000 04500
001 15550
003
040
090 |a 013400  
110 |a Guatemala. Ministerio de Educación. Unidad Sectorial de Investigación y Planificación Educativa  
245 |a Guatemala: la demanda de información socio-educativa y recursos existentes en el país  
260 |a Guatemala :  
300 |a 11 p.  
650 |a INFORMACION  
999 |c 16135  |d 16135